| Поле | Инд. | ПП | Название | Значение |
|---|---|---|---|---|
| Тип записи | a | |||
| Библиографический уровень | m | |||
| 001 | Контрольный номер | 67f74afb-2839-411c-a7f6-fce92dd7a625 | ||
| 005 | Дата корректировки | 20140703144710.7 | ||
| 008 | Кодируемые данные | 060602 | ||
| 020 | c | Цена, тираж | б/ц | |
| 041 | a | Код языка текста | rus | |
| 080 | a | Индекс УДК | 368(043.3) | |
| 084 | a | Индекс другой классификации/Индекс ББК | С561.2я031 | |
| 090 | x | Авторский знак | Ф76 | |
| a | Полочн. индекс | С561.2 | ||
| 100 | 1_ | a | Автор | Фомушкина Татьяна Николаевна |
| 245 | 10 | a | Заглавие | Этос хозяйства и феномен страхования |
| b | Продолж. заглавия | автореф. дис. ... канд. филос. наук : 09.00.11 | ||
| c | Ответственность | Твер. гос. техн. ун-т, Каф. психологии и философии, Каф. упр. рисками и страхования | ||
| 260 | 0_ | a | Место издания | Тверь |
| b | Издательство | Фаэтон | ||
| c | Дата издания | 2006 | ||
| 300 | a | Объем | 23 с. | |
| 500 | a | Примечание | На правах рукоп. | |
| 504 | a | Библиография | Библиогр. в конце кн. и в подстроч. примеч. | |
| 583 | a | Действие | Получение впервые 241 22.06.2006 | |
| 650 | a | Основная рубрика | Экономическая социология | |
| 650 | a | Основная рубрика | Страхование | |
| x | Основная подрубрика | Социальная философия | ||
| x | Основная подрубрика | Социология | ||
| 653 | a | Ключевые слова | Экономическая социология | |
| a | Ключевые слова | Философия хозяйства | ||
| a | Ключевые слова | Страхование | ||
| a | Ключевые слова | Обман в страховании | ||
| a | Ключевые слова | Доверие в страховании | ||
| a | Ключевые слова | Этика страхования | ||
| a | Ключевые слова | Авторефераты | ||
| 852 | t | Порядковый номер экземпляра | 2 | |
| p | Инвентарный номер | б/н | ||
| 888 | a | Бесплатные | ||
| 930 | a | Новая/Ретро | авторефераты | |
| 952 | p | 241.2006 б/ц 2 б/н | ||
| c | Вид литературы | А/Р н | ||
| 954 | a | Дата поступления на обработку | 20060622 | |
| 999 | a | Подразделение 2 | ч.з. |